| Tag |
First Indicator |
Second Indicator |
Subfields |
| LEADER |
00000cam a2200000 a 4500 |
| 001 |
in00001490321 |
| 005 |
20151021071531.0 |
| 008 |
980521s1999 nyu b 001 0 eng |
| 010 |
|
|
|a 98019288
|
| 020 |
|
|
|a 0385486847
|
| 035 |
|
|
|a (OCoLC)39195307
|
| 035 |
|
|
|9 AJH2374AM
|
| 040 |
|
|
|a DLC
|c DLC
|d TXA
|d UtOrBLW
|
| 049 |
|
|
|a TXAM
|
| 050 |
0 |
0 |
|a HD9696.C64
|b A8657 1999
|
| 082 |
0 |
0 |
|a 338.7/61004165
|2 21
|
| 100 |
1 |
|
|a Malone, Michael S.
|q (Michael Shawn),
|d 1954-
|
| 245 |
1 |
0 |
|a Infinite loop :
|b how the world's most insanely great computer company went insane /
|c Michael S. Malone.
|
| 250 |
|
|
|a 1st ed.
|
| 264 |
|
1 |
|a New York :
|b Currency/Doubleday,
|c 1999.
|
| 300 |
|
|
|a viii, 597 pages ;
|c 24 cm.
|
| 336 |
|
|
|a text
|b txt
|2 rdacontent
|
| 337 |
|
|
|a unmediated
|b n
|2 rdamedia
|
| 338 |
|
|
|a volume
|b nc
|2 rdacarrier
|
| 504 |
|
|
|a Includes bibliographical references (pages [579]-584) and index.
|
| 610 |
2 |
0 |
|a Apple Computer, Inc.
|
| 650 |
|
0 |
|a Corporate culture
|v Case studies.
|
| 650 |
|
0 |
|a Computer industry
|x Case studies.
|
| 948 |
|
|
|a C:BLW
|d 20040715
|
| 999 |
|
|
|a MARS
|
| 999 |
f |
f |
|s 2393fc21-f240-3e86-9501-be7e1559c559
|i 34d310f1-72dd-32e9-babc-6df22b3f5f7e
|t 0
|
| 952 |
f |
f |
|p ric
|a Texas A&M University
|b Rellis Campus
|c Joint Library Facility
|d Remote Storage
|t 0
|e HD9696.C64 A8657 1999
|h Library of Congress classification
|i unmediated -- volume
|m A14825093376
|
| 998 |
f |
f |
|a HD9696.C64 A8657 1999
|t 0
|l Remote Storage
|